| 000 | 00506nam a22001577a 4500 | ||
|---|---|---|---|
| 999 |
_c534155 _d534155 |
||
| 020 | _qHard Cover. | ||
| 082 | _a620.11 | ||
| 100 | _aJahan, Zaib | ||
| 245 |
_aFabrication and Characterization of Polymeric Membranes for Dialysis / _cZaib Jahan. |
||
| 260 |
_aIslamabad: _bSCME - NUST, _c2014. |
||
| 300 |
_a67 p. : _bill. ; _c30cm. |
||
| 942 |
_2ddc _cTHE |
||
| 650 |
_aMaterials Engineering MS-Thesis. _928303 |
||
| 700 |
_aDr. Arshad Hussain _916435 |
||